Obra dominicana / (Registro nro. 13555)
[ vista simple ]
| 000 -LEADER | |
|---|---|
| fixed length control field | 01092nam a2200301 a 4500 |
| 001 - CONTROL NUMBER | |
| control field | |
| 003 - CONTROL NUMBER IDENTIFIER | |
| control field | DO-SdBNP |
| 005 - DATE AND TIME OF LATEST TRANSACTION | |
| control field | 20210607102144.0 |
| 007 - PHYSICAL DESCRIPTION FIXED FIELD--GENERAL INFORMATION | |
| fixed length control field | |
| 008 - FIXED-LENGTH DATA ELEMENTS--GENERAL INFORMATION | |
| fixed length control field | 091202s1988 dr 000 0 spa d |
| 040 ## - CATALOGING SOURCE | |
| Original cataloging agency | BPMSU |
| Language of cataloging | spa |
| Transcribing agency | BPMSU |
| 082 #4 - DEWEY DECIMAL CLASSIFICATION NUMBER | |
| Classification number | RD868.42 |
| Item number | H519o 1980 |
| Edition number | 22 |
| 100 1# - MAIN ENTRY--PERSONAL NAME | |
| Personal name | Henríquez Ureña, Pedro, |
| Dates associated with a name | 1884 -1946 |
| 245 10 - TITLE STATEMENT | |
| Title | Obra dominicana / |
| Statement of responsibility, etc. | Pedro Henríquez Ureña ; prólogo Juan Jacobo de Lara ; edición José Chez Checo |
| 260 ## - PUBLICATION, DISTRIBUTION, ETC. (IMPRINT) | |
| Place of publication, distribution, etc. | Santo Domingo : |
| Name of publisher, distributor, etc. | Sociedad Dominicana de Bibliófilos, |
| Date of publication, distribution, etc. | 1988 |
| 300 ## - PHYSICAL DESCRIPTION | |
| Extent | 567 p. ; |
| Dimensions | 23 cm. |
| 490 0# - SERIES STATEMENT | |
| Series statement | Sociedad Dominicana de Bibliófilos; |
| -- | Cultura dominicana |
| 500 ## - GENERAL NOTE | |
| General note | Incluye referencias bibliográficas y notas al pie de las páginas |
| 590 ## - LOCAL NOTE (RLIN) | |
| Linkage (RLIN) | Inventariado, 2021/VM |
| 600 14 - SUBJECT ADDED ENTRY--PERSONAL NAME | |
| Personal name | Henríquez Ureña, Pedro |
| Dates associated with a name | 1884 -1946 |
| General subdivision | Colecciones de escritos |
| 650 #4 - SUBJECT ADDED ENTRY--TOPICAL TERM | |
| Topical term or geographic name as entry element | Ensayos dominicanos |
| 650 #4 - SUBJECT ADDED ENTRY--TOPICAL TERM | |
| Topical term or geographic name as entry element | Literatura dominicana |
| General subdivision | Historia y crítica |
| 651 #4 - SUBJECT ADDED ENTRY--GEOGRAPHIC NAME | |
| Geographic name | República Dominicana |
| General subdivision | Civilización |
| 700 1# - ADDED ENTRY--PERSONAL NAME | |
| Personal name | Jacobo de Lara, Juan |
| Relator term | pról. |
| 700 1# - ADDED ENTRY--PERSONAL NAME | |
| Personal name | Chez Checo, José |
| Relator term | ed. |
| 910 ## - USER-OPTION DATA (OCLC) | |
| User-option data | VMateo |
| 942 ## - ADDED ENTRY ELEMENTS (KOHA) | |
| Source of classification or shelving scheme | Dewey Decimal Classification |
| Koha item type | Libros |
| Withdrawn status | Lost status | Source of classification or shelving scheme | Damaged status | Not for loan | Collection code | Home library | Current library | Date acquired | Full call number | Barcode | Date last seen | Price effective from | Koha item type |
|---|---|---|---|---|---|---|---|---|---|---|---|---|---|
| Dewey Decimal Classification | Colección Dominicana | Biblioteca Pública Metropolitana Salomé Ureña | Biblioteca Pública Metropolitana Salomé Ureña | 06/07/2021 | BPMSU CD RD868.42 H519o 1988 | BPMSU21060017 | 06/07/2021 | 06/07/2021 | Libros |